| Tag |
First Indicator |
Second Indicator |
Subfields |
| LEADER |
00000cam a2200000 4500 |
| 001 |
in00000055765 |
| 005 |
20151008052312.0 |
| 008 |
760204s1952 ilu 00000 eng |
| 010 |
|
|
|a 52022548
|
| 035 |
|
|
|a (OCoLC)01968322
|
| 035 |
|
|
|9 AAH2708AM
|
| 040 |
|
|
|a DLC
|c UTL
|d TXA
|d UtOrBLW
|
| 049 |
|
|
|a TXAM
|c [215724]
|
| 050 |
0 |
0 |
|a LAW
|
| 090 |
|
|
|a KF1600.A7
|b S23 1952
|
| 092 |
|
|
|a 331
|b S126i
|
| 100 |
1 |
|
|a Sadler, Walter Clifford,
|d 1891-
|
| 245 |
1 |
0 |
|a Industrial law.
|
| 264 |
|
1 |
|a Chicago :
|b Callaghan,
|c 1952.
|
| 300 |
|
|
|a 557 pages ;
|c 26 cm.
|
| 336 |
|
|
|a text
|b txt
|2 rdacontent
|
| 337 |
|
|
|a unmediated
|b n
|2 rdamedia
|
| 338 |
|
|
|a volume
|b nc
|2 rdacarrier
|
| 650 |
|
0 |
|a Industrial laws and legislation
|z United States
|x Cases.
|
| 999 |
|
|
|a MARS
|
| 999 |
f |
f |
|s 69c40343-5688-3423-b807-7b5a1538616a
|i 4874f63d-b5dc-3a98-a3bc-b68f4c0259a4
|t 0
|
| 952 |
f |
f |
|p ric
|a Texas A&M University
|b Rellis Campus
|c Joint Library Facility
|d Remote Storage
|t 0
|e KF1600.A7 S23 1952
|h Library of Congress classification
|i unmediated -- volume
|m A14800712125
|
| 998 |
f |
f |
|a KF1600.A7 S23 1952
|t 0
|l Remote Storage
|